|
|
|
|
| LEADER |
00709nam a22002172a 4500 |
| 001 |
001664301 |
| 003 |
CZ BrMZK |
| 005 |
20220617083820.0 |
| 007 |
ta |
| 008 |
190118s1925 sz er|||||||||||ger d |
| 040 |
|
|
|a BOA001
|b cze
|e aacr2
|
| 100 |
1 |
|
|a Morgenthaler, Otto,
|d 1886-1973
|7 mzk20221154163
|4 aut
|
| 245 |
1 |
0 |
|a Von der "Schwindsucht" der Bienen /
|c O. Morgenthaler
|
| 260 |
|
|
|a Aarau :
|b Schweizerische Bienenzeitung,
|c 1925
|
| 300 |
|
|
|a 5 s.
|
| 772 |
0 |
8 |
|i Separát ze seriálu:
|t Schweizerische Bienenzeitung,
|g Nr. 7, Jg. 1925
|
| 910 |
|
|
|a BOA001
|b X-0414.462
|
| 990 |
|
|
|a BK
|
| 993 |
|
|
|a Y
|
| 991 |
|
|
|b 201901
|
| 996 |
7 |
|
|b 2618970508
|c X-0414.462
|l MZK
|r Sklad / do 24 hodin
|n 0
|w 001703635
|u 000010
|a 1
|e BOA001
|j MZK50
|s A
|